| 000 | 00961nam a2200277 a 4500 | ||
|---|---|---|---|
| 001 | |||
| 003 | DO-SdBNP | ||
| 005 | 20220209122630.0 | ||
| 008 | 090821s2007 dr ac 000 0bspa d | ||
| 020 | _a9993431125 | ||
| 040 |
_aDO-SdBNP _bspa _cBPMSU |
||
| 082 |
_a923.5 _bA658 F 2007 _222 |
||
| 100 | 1 | _aFrías, Salomé | |
| 245 | 1 | 0 |
_aComandante Montes Arache : _bel hombre rana / _cSalomé Frías. |
| 260 |
_aSanto Domingo : _bColegio Dominicano de Periodistas, _c2007. _f |
||
| 300 |
_a149 p. : _bil., retrs. ; _c23 cm. |
||
| 590 | _6Inventariado, 2022/VM | ||
| 600 | 1 | 4 |
_aMontes Arache, Manuel Ramón _d1926-2009 |
| 650 | 4 | _aBuceadores | |
| 650 | 4 |
_aMarina de guerra _xHistoria _zRepública Dominicana |
|
| 650 | 4 |
_aMarinos _xHistoria _zRepública Dominicana |
|
| 651 | 4 |
_aRepública Dominicana _xHistoria _yOcupación norteamericana, 1965-1966 |
|
| 651 | 4 |
_aRepública Dominicana _xHistoria _yRevolución, 1965 |
|
| 910 | _aVMateo V; | ||
| 942 |
_2ddc _cBK |
||
| 999 |
_c14027 _d14027 |
||